|
|
|
|
| LEADER |
01164nam a2200265 u 4500 |
| 001 |
10114366 |
| 003 |
upatras |
| 005 |
20250227063435.0 |
| 008 |
141022s1975 cn eng |
| 040 |
|
|
|a GR-PaULI
|c GR-PaULI
|
| 041 |
0 |
|
|a eng
|
| 082 |
0 |
4 |
|a 519.5
|
| 245 |
1 |
0 |
|a Proceedings of the Symposium on Statistics and Related Topics, October 24-26, 1974, Carleton University, Ottawa
|c ; edited by A. K. Md. Ehsanes Saleh
|
| 260 |
|
|
|a Ottawa
|b Carleton University
|c 1975
|
| 300 |
|
|
|a [437] σ.
|c 28 εκ.
|
| 490 |
1 |
|
|a Carleton mathematical lecture notes
|v 11
|
| 504 |
|
|
|a Περιέχει βιβλιογραφικές αναφορές
|
| 650 |
|
0 |
|a Μαθηματική στατιστική
|9 2837
|
| 700 |
1 |
|
|a Ehsanes Saleh, A. K. Md.
|4 edt
|9 141441
|
| 760 |
1 |
|
|a Carleton mathematical lecture notes
|g 11
|
| 852 |
|
|
|a GR-PaULI
|b ΠΑΤΡΑ
|b ΒΚΠ
|b ΒΣ1
|k ΑΣΧΞ
|h 519.5 SYM
|m 125246
|p 025000040601
|t 1
|
| 942 |
|
|
|2 ddc
|c BK15
|
| 952 |
|
|
|0 0
|1 0
|4 0
|6 519_500000000000000_SYM
|7 0
|9 171289
|a LISP
|b LISP
|c BSC
|d 2016-04-24
|i 125246
|l 0
|o 519.5 SYM
|p 025000040601
|r 2016-04-24 00:00:00
|t 1
|w 2016-04-24
|y BK15
|
| 998 |
|
|
|c ΜΠΟΥΡΑΣ
|d 2014-10
|
| 999 |
|
|
|c 107180
|d 107180
|